Neuroscience (Record no. 6841)

MARC details
000 -LEADER
fixed length control field 00708nam a22002537a 4500
003 - CONTROL NUMBER IDENTIFIER
control field OSt
005 - DATE AND TIME OF LATEST TRANSACTION
control field 20220107122900.0
008 - FIXED-LENGTH DATA ELEMENTS--GENERAL INFORMATION
fixed length control field 210723b xxu||||| |||| 00| 0 eng d
020 ## - INTERNATIONAL STANDARD BOOK NUMBER
International Standard Book Number 9781605358413
040 ## - CATALOGING SOURCE
Transcribing agency KUDSIT
100 ## - MAIN ENTRY--PERSONAL NAME
Personal name Purves, Dale et.al.
9 (RLIN) 18581
245 ## - TITLE STATEMENT
Title Neuroscience
Statement of responsibility, etc. Dale Purves
250 ## - EDITION STATEMENT
Edition statement 6
260 ## - PUBLICATION, DISTRIBUTION, ETC.
Place of publication, distribution, etc. New York;
Name of publisher, distributor, etc. Oxford University Press,
Date of publication, distribution, etc. 2018.
300 ## - PHYSICAL DESCRIPTION
Extent xvii, 724 p., A-1 to I-31
650 ## - SUBJECT ADDED ENTRY--TOPICAL TERM
Topical term or geographic name entry element Neurosciences
9 (RLIN) 18582
650 ## - SUBJECT ADDED ENTRY--TOPICAL TERM
Topical term or geographic name entry element Neurology
9 (RLIN) 18583
650 ## - SUBJECT ADDED ENTRY--TOPICAL TERM
Topical term or geographic name entry element Neurophysiology
9 (RLIN) 18584
650 ## - SUBJECT ADDED ENTRY--TOPICAL TERM
Topical term or geographic name entry element Neurochemistry
9 (RLIN) 18585
700 ## - ADDED ENTRY--PERSONAL NAME
Personal name Augustine, George J.
9 (RLIN) 18586
700 ## - ADDED ENTRY--PERSONAL NAME
Personal name Fitzpatrick, David
9 (RLIN) 18587
700 ## - ADDED ENTRY--PERSONAL NAME
Personal name Hall, William C.
9 (RLIN) 18588
942 ## - ADDED ENTRY ELEMENTS (KOHA)
Source of classification or shelving scheme Dewey Decimal Classification
Koha item type Books
Holdings
Withdrawn status Lost status Source of classification or shelving scheme Damaged status Not for loan Home library Current library Shelving location Date acquired Cost, normal purchase price Total Checkouts Total Renewals Full call number Barcode Date last seen Date last checked out Price effective from Koha item type
    Dewey Decimal Classification     Kerala University of Digital Sciences, Innovation and Technology Knowledge Centre Kerala University of Digital Sciences, Innovation and Technology Knowledge Centre Medicine 23/07/2021 5588.00 10 6 612.8 PUR/N 5774 18/09/2023 22/07/2023 23/07/2021 Books